[Event "John Bishop Minor op"]
[Site "Cardiff"]
[Date "2009.04.11"]
[Round "2"]
[White "Wilkins, William"]
[Black "Kett, Charles"]
[Result "1-0"]
[WhiteElo "1473"]
[BlackElo "1086"]
[PlyCount "41"]
[EventDate "2009.04.10"]
[EventType "swiss"]
[EventRounds "7"]
[EventCountry "WLS"]
[SourceTitle "EXT 2011"]
[Source "ChessBase"]
[SourceDate "2010.11.26"]
[SourceVersion "1"]
[SourceVersionDate "2010.11.26"]
[SourceQuality "1"]

1. e4 d5 2. exd5 Nf6 3. c4 c6 4. dxc6 Nxc6 5. Nf3 Bg4 6. Be2 Nd4 7. d3 e5 8. Nxd4 Qxd4 9. Nc3 Bb4 10. Qa4+ Nd7 11. Qxb4 Nc5 12. Be3 Qxd3 13. Qxc5 Bxe2 14. Qxe5+ Kf8 15. Bc5+ Kg8 16. Qxe2 Qxe2+ 17. Kxe2 Re8+ 18. Kf3 g6 19. Rhe1 Kg7 20. Bd4+ f6 21. Re3 1-0

[Event "John Bishop Minor op"]
[Site "Cardiff"]
[Date "2009.04.10"]
[Round "1"]
[White "Kett, Charles"]
[Black "Hughes, Beryl"]
[Result "0-1"]
[WhiteElo "1086"]
[BlackElo "1520"]
[PlyCount "40"]
[EventDate "2009.04.10"]
[EventType "swiss"]
[EventRounds "7"]
[EventCountry "WLS"]
[SourceTitle "EXT 2011"]
[Source "ChessBase"]
[SourceDate "2010.11.26"]
[SourceVersion "1"]
[SourceVersionDate "2010.11.26"]
[SourceQuality "1"]

1. e4 e6 2. d4 d5 3. Nc3 Nf6 4. Bg5 Be7 5. Bb5+ c6 6. Ba4 dxe4 7. Bxf6 Bxf6 8. Nxe4 Bxd4 9. c3 Qd5 10. f3 Bb6 11. Nd6+ Ke7 12. Nxc8+ Rxc8 13. Qxd5 exd5 14. Kd2 Nd7 15. Ne2 Re8 16. Nd4 Kf8 17. Rhe1 Bc7 18. Rxe8+ Rxe8 19. g3 Ne5 20. Re1 Nc4+ 0-1